| 000 | 00409cam a2200169ua 4500 | ||
|---|---|---|---|
| 020 | _c5.80 | ||
| 041 |
_aeng _h |
||
| 082 |
_a321.8 _bBRO/ ME |
||
| 100 | _aBrown , Iver . | ||
| 245 |
_aMeaning of democracy / _cIvor Brown. _hTextual Documents |
||
| 260 |
_aLondon : _bGerald duckworta & co. Ltd , _c1967. |
||
| 300 | _a176 ; . | ||
| 365 | _a5.80 | ||
| 504 | _a | ||
| 942 | _cBK | ||
| 999 |
_c2109 _d2109 |
||